000 00970nam a2200301 a 4500
001 vtls000148333
003 NLI
005 20210601213404.0
008 101125s1968 enk 001 0 eng
039 9 _y201011251550
_zVLOAD
040 _aNLI
_cVTLS-2010
_eAACR2
041 0 _aeng
044 _aenk
082 0 4 _a352.042
100 1 _aRichards, Peter G.
_9209438
245 1 4 _aThe new local government system /
_cby Peter G. Richards
260 _aLondon :
_bAllen & Unwin,
_c1968
300 _a3-192 p. ;
_c22 cm.
440 0 _aNew town and county hall series
_9294866
650 0 _aLocal government
_zGreat Britain
_9216525
650 0 _aSubnational government
_zGreat Britian
_9294867
887 _a
901 _a388525
_b9.12.68
902 _aE 352.042 R 392 n
949 _AVIRTUAITEM
_D10000
_X100
_6PUR000388525ENG
942 _2ddc
_cBKS
999 _aVIRTUA40
_c153105
_d153105
999 _aVTLSSORT0080*0400*0410*0440*0820*1000*2450*2600*3000*4400*6500*6501*9010*9020*9490*9991